00411nam a22001457a 450000500170000000800410001702200130005804100130007108200120008410000130009624500560010926000480016530000260021365000260023920240412142520.0240412b |||||||| |||| 00| 0 eng d a02582503 aEnglish  a349 SOU lEnglish  aThe South African Law Journal / cedited by E Kahn  aCape Town : bJuta and Company Ltd, c1994  b219 pages ; c25 cm.  aLegal practice bLaw